| 000 | 00352nam a2200145Ia 4500 | ||
|---|---|---|---|
| 008 | 230524s9999 xx 000 0 und d | ||
| 082 |
_a401 _bSHA |
||
| 100 |
_aSri Ravi Shanker _92647 |
||
| 245 | 0 | _aBe A Witness | |
| 260 |
_aNEW DELHI _bScannset _c1999 |
||
| 300 | _a106 | ||
| 500 | _aQuantity Number: 1 | ||
| 650 |
_aMiscellaneous _91877 |
||
| 942 | _cBK | ||
| 999 |
_c4515 _d4515 |
||